[Event "Chessemy Open 2022"]
[Site "Reinstorf"]
[Date "2022.02.02"]
[Round "5.42"]
[White "Kreusch, Frank"]
[Black "De Vries, Leonard"]
[Result "1-0"]
[WhiteElo "1789"]
[BlackElo "1988"]
[Annotator "ChessBase"]
[PlyCount "147"]
[EventDate "2022.01.29"]
[EventType "swiss"]
[EventCountry "GER"]
[SourceTitle "playchess.com"]
[Source "ChessBase"]
[SourceQuality "1"]

1. e4 d5 2. exd5 Qxd5 3. Nc3 Qa5 4. Nf3 Nf6 5. d3 Bg4 6. Be2 e6 7. Nd4 Bb4 8. Bd2 Qe5 9. Nb3 Nc6 10. h3 Bxe2 11. Qxe2 O-O 12. Qxe5 Nxe5 13. a3 Bd6 14. O-O h6 15. Rfe1 Nc6 16. Ne4 Nd5 17. Rac1 Be5 18. c3 Rfd8 19. d4 Bf4 20. Rcd1 b6 21. g3 Bxd2 22. Nexd2 a5 23. Nf3 Rab8 24. Ne5 Nxe5 25. Rxe5 Nf6 26. Rde1 Rd5 27. Rxd5 Nxd5 28. Re5 Rd8 29. Kg2 Rd6 30. Kf3 Nf6 31. Nc1 Nd7 32. Re2 c5 33. Nb3 c4 34. Nd2 b5 35. a4 Rd5 36. axb5 Nb6 37. Re5 Kf8 38. Ke4 Ke7 39. Rxd5 exd5+ 40. Ke5 g6 41. g4 f6+ 42. Kf4 Kd6 43. h4 Ke6 44. b3 g5+ 45. hxg5 hxg5+ 46. Ke3 Kd6 47. bxc4 Nxc4+ 48. Nxc4+ dxc4 49. Kd2 Kc7 50. Kc2 Kb6 51. Kb2 Kxb5 52. Ka3 Kb6 53. Ka4 Ka6 54. d5 Kb6 55. d6 Kc6 56. d7 Kxd7 57. Kxa5 Kc6 58. Kb4 Kd5 59. f3 Ke5 60. Kxc4 Kf4 61. Kd5 Kxf3 62. c4 Kxg4 63. c5 Kf3 64. c6 g4 65. c7 g3 66. c8=Q g2 67. Qf5+ Kg3 68. Qd3+ Kf2 69. Qd2+ Kf1 70. Qf4+ Ke1 71. Qg3+ Kf1 72. Qf3+ Kg1 73. Ke4 Kh2 74. Qf2 1-0

[Event "Chessemy Open 2022"]
[Site "Reinstorf"]
[Date "2022.02.02"]
[Round "5.44"]
[White "Riering, Berthold"]
[Black "Wagner, Frank"]
[Result "1/2-1/2"]
[WhiteElo "1971"]
[BlackElo "1948"]
[Annotator "ChessBase"]
[PlyCount "55"]
[EventDate "2022.01.29"]
[EventType "swiss"]
[EventCountry "GER"]
[SourceTitle "playchess.com"]
[Source "ChessBase"]
[SourceQuality "1"]

1. e4 c5 2. Be2 Nc6 3. d3 g6 4. f4 d6 5. Nf3 Bg7 6. c3 e6 7. O-O Nge7 8. Na3 O-O 9. Nc2 d5 10. Be3 b6 11. Qd2 Qc7 12. e5 Nf5 13. Bf2 Bb7 14. g4 Nfe7 15. d4 cxd4 16. Ncxd4 Nxd4 17. Nxd4 a6 18. Qe3 Rfb8 19. Bg3 Nc6 20. f5 Nxd4 21. cxd4 a5 22. Bd3 Ba6 23. Rac1 Qd7 24. Bh4 Bxd3 25. Qxd3 exf5 26. gxf5 Rc8 27. fxg6 hxg6 28. Qd2 1/2-1/2

[Event "Chessemy Open 2022"]
[Site "Reinstorf"]
[Date "2022.02.02"]
[Round "5.45"]
[White "Linnemann, Caspar"]
[Black "Schell, Franz Juergen"]
[Result "1/2-1/2"]
[WhiteElo "1754"]
[BlackElo "1969"]
[Annotator "NA"]
[PlyCount "69"]
[EventDate "2022.01.29"]
[EventType "swiss"]
[EventCountry "GER"]
[SourceTitle "playchess.com"]
[Source "ChessBase"]
[SourceQuality "1"]

1. e4 c5 2. Nf3 e6 3. d4 cxd4 4. Nxd4 a6 5. Nc3 Qc7 6. Be2 b5 7. a3 Bb7 8. Bf3 d6 9. O-O Nf6 10. g3 Nbd7 11. Bg2 Be7 12. Kh1 O-O 13. f4 Nc5 14. Qe2 Rfd8 15. b4 Ncd7 16. Bb2 Nb6 17. Ra2 Nc4 18. Ba1 Rac8 19. Nd1 Bf8 20. c3 Re8 21. a4 e5 22. fxe5 Rxe5 23. Nf2 Rce8 24. Re1 Nxe4 25. Nxe4 Bxe4 26. Rg1 Bxg2+ 27. Qxg2 Re1 28. axb5 axb5 29. Nxb5 Rxg1+ 30. Kxg1 Re1+ 31. Kf2 Qe7 32. Qf3 Re3 33. Qf4 Re4 34. Qf3 Re3 35. Qf4 1/2-1/2

[Event "Chessemy Open 2022"]
[Site "Reinstorf"]
[Date "2022.02.02"]
[Round "5.47"]
[White "Alquist, Erik"]
[Black "Schomann, Michael"]
[Result "1-0"]
[WhiteElo "1965"]
[BlackElo "1668"]
[Annotator "ChessBase"]
[PlyCount "65"]
[EventDate "2022.01.29"]
[EventType "swiss"]
[EventCountry "GER"]
[SourceTitle "playchess.com"]
[Source "ChessBase"]
[SourceQuality "1"]

1. e4 c5 2. Nf3 g6 3. d4 Bg7 4. c4 cxd4 5. Nxd4 Nc6 6. Be3 d6 7. Nc3 Nf6 8. f3 O-O 9. Nc2 a6 10. Qd2 b6 11. Be2 Bb7 12. O-O Rb8 13. Rac1 Qc7 14. b3 Rfd8 15. Nd5 Nxd5 16. cxd5 Na7 17. Nb4 Qd7 18. Bxb6 Nb5 19. a4 Rdc8 20. axb5 axb5 21. Rxc8+ Rxc8 22. Rc1 Rxc1+ 23. Qxc1 Bf6 24. Qc7 Qxc7 25. Bxc7 Bc3 26. Nc6 Kf8 27. Bxb5 Bc8 28. Kf1 f5 29. Ke2 fxe4 30. fxe4 Bg4+ 31. Kd3 Bf6 32. Ba6 Bd1 33. b4 1-0

[Event "Chessemy Open 2022"]
[Site "Reinstorf"]
[Date "2022.02.02"]
[Round "5.49"]
[White "Wraga, Hermann"]
[Black "Borkhardt, Arndt"]
[Result "0-1"]
[WhiteElo "1674"]
[BlackElo "1940"]
[Annotator "ChessBase"]
[PlyCount "34"]
[EventDate "2022.01.29"]
[EventType "swiss"]
[EventCountry "GER"]
[SourceTitle "playchess.com"]
[Source "ChessBase"]
[SourceQuality "1"]

1. e4 e5 2. d3 Nf6 3. g3 Bc5 4. h3 d5 5. Nd2 dxe4 6. dxe4 Qd4 7. Qe2 Bb6 8. Bg2 Nc6 9. Nc4 Be6 10. Nxb6 axb6 11. c3 Qa4 12. a3 O-O-O 13. Bg5 Bc4 14. Qf3 Rd3 15. Qf5+ Be6 16. Qf3 Rxf3 17. Bxf3 Qc2 0-1

[Event "Chessemy Open 2022"]
[Site "Reinstorf"]
[Date "2022.02.02"]
[Round "5.50"]
[White "Reuter, Maximilian"]
[Black "Buchinger, Alexis"]
[Result "0-1"]
[WhiteElo "1933"]
[BlackElo "1509"]
[Annotator "ChessBase"]
[PlyCount "68"]
[EventDate "2022.01.29"]
[EventType "swiss"]
[EventCountry "GER"]
[SourceTitle "playchess.com"]
[Source "ChessBase"]
[SourceQuality "1"]

1. d4 d5 2. Bf4 Nf6 3. e3 Bf5 4. c4 c6 5. Qb3 Qd7 6. Nf3 e6 7. Ne5 Qc8 8. Be2 Nbd7 9. Nc3 Nxe5 10. Bxe5 Be7 11. cxd5 exd5 12. Rc1 Qd7 13. O-O O-O 14. Rfd1 Ne4 15. Na4 b6 16. f3 Nd6 17. Nc3 Bg5 18. Bf4 Bxf4 19. exf4 h6 20. g4 Bh7 21. Bf1 f5 22. g5 hxg5 23. fxg5 Qe7 24. h4 Qe3+ 25. Kg2 Qf4 26. Ne2 Qxh4 27. Rxc6 Qxg5+ 28. Kf2 Ne4+ 29. fxe4 fxe4+ 30. Ke1 e3 31. Rd3 Rxf1+ 32. Kxf1 Qf5+ 33. Kg2 Qf2+ 34. Kh3 Bf5# 0-1

[Event "Chessemy Open 2022"]
[Site "Reinstorf"]
[Date "2022.02.03"]
[Round "6.1"]
[White "Koellner, Ruben Gideon"]
[Black "Van den Doel, Erik"]
[Result "1/2-1/2"]
[WhiteElo "2428"]
[BlackElo "2591"]
[Annotator "TA"]
[PlyCount "129"]
[EventDate "2022.01.29"]
[EventType "swiss"]
[EventCountry "GER"]
[SourceTitle "playchess.com"]
[Source "ChessBase"]
[SourceQuality "1"]

1. d4 d5 2. c4 c6 3. cxd5 cxd5 4. Bg5 Nf6 5. Bxf6 gxf6 6. Nc3 e6 7. e3 Nd7 8. Nge2 f5 9. Nf4 Nf6 10. Nh5 Bd6 11. Bb5+ Kf8 12. Nxf6 Qxf6 13. g3 Rg8 14. Rc1 Kg7 15. Qf3 Kh8 16. h3 a6 17. Bd3 Bd7 18. Ne2 Bb5 19. Bxb5 axb5 20. a3 b4 21. axb4 Ra2 22. Rb1 Bxb4+ 23. Kf1 Bd6 24. Kg2 Qg5 25. Rhc1 Raa8 26. Rc3 Qe7 27. Rbc1 Qd7 28. Qh5 Rg7 29. R1c2 Rag8 30. Qf3 Rg5 31. Nf4 Qd8 32. Rb3 Qb8 33. Rb6 Rd8 34. Nh5 h6 35. Qe2 Bc7 36. Rb3 Rgg8 37. Kh2 Rd6 38. Nf6 Rf8 39. Rbc3 Ba5 40. Rc5 Bb6 41. Qh5 Kg7 42. Qh4 Bd8 43. Nh5+ Kg6 44. Nf4+ Kg7 45. Nh5+ Kg6 46. Nf4+ Kg7 47. Qh5 Bb6 48. R5c3 Rd7 49. Nd3 Rc7 50. Ne5 Qd8 51. g4 Rxc3 52. Rxc3 fxg4 53. hxg4 Bc7 54. f4 Bxe5 55. Qxe5+ Kg8 56. Kg3 Qb6 57. g5 h5 58. Rc2 Qb3 59. Rg2 Qd1 60. g6 Qe1+ 61. Kh3 Qh1+ 62. Kg3 Qe1+ 63. Kh3 Qh1+ 64. Kg3 Qe1+ 65. Kh3 1/2-1/2

[Event "Chessemy Open 2022"]
[Site "Reinstorf"]
[Date "2022.02.03"]
[Round "6.1"]
[White "Lehmann, Simon"]
[Black "Ziese, Gerhard"]
[Result "1-0"]
[WhiteElo "1322"]
[BlackElo "1876"]
[Annotator "NA"]
[PlyCount "51"]
[EventDate "2022.01.29"]
[EventType "swiss"]
[EventCountry "GER"]
[SourceTitle "playchess.com"]
[Source "ChessBase"]
[SourceQuality "1"]

1. d4 Nf6 2. Bf4 c5 3. e3 e6 4. Nf3 Nc6 5. c3 Be7 6. Bd3 d6 7. O-O O-O 8. Qc2 h6 9. h3 b6 10. Nbd2 Bb7 11. Rad1 Rc8 12. Qb1 Qc7 13. Rfe1 Rfe8 14. dxc5 bxc5 15. e4 Red8 16. e5 Nd5 17. exd6 Bxd6 18. Bxd6 Qxd6 19. Ne4 Qe7 20. Rd2 Nf4 21. Red1 Nxd3 22. Rxd3 Ba6 23. Rxd8+ Nxd8 24. Rd2 Nb7 25. Qd1 Rc7 26. Qa4 1-0

[Event "Chessemy Open 2022"]
[Site "Reinstorf"]
[Date "2022.02.03"]
[Round "6.2"]
[White "Mis, Mieszko"]
[Black "Kozak, Adam"]
[Result "1/2-1/2"]
[WhiteElo "2417"]
[BlackElo "2526"]
[Annotator "TA"]
[PlyCount "72"]
[EventDate "2022.01.29"]
[EventType "swiss"]
[EventCountry "GER"]
[SourceTitle "playchess.com"]
[Source "ChessBase"]
[SourceQuality "1"]

1. d4 d5 2. c4 e6 3. Nc3 Nf6 4. cxd5 exd5 5. Bg5 c6 6. e3 Be7 7. Bd3 Nbd7 8. Qc2 Nh5 9. Bxe7 Qxe7 10. O-O-O Nb6 11. h3 g6 12. Nf3 Be6 13. Kb1 O-O-O 14. Na4 Kb8 15. Rc1 Ng7 16. Nc5 Bf5 17. Bxf5 Nxf5 18. a4 Nc4 19. Rhe1 Ka8 20. Ka2 Rhe8 21. b3 Ncd6 22. Qe2 f6 23. a5 Nb5 24. Qd3 a6 25. b4 Nfd6 26. Nd2 Qf7 27. Rc2 Re7 28. Rec1 Ka7 29. Qb3 Rde8 30. Nd3 g5 31. Rh1 Qg6 32. Nf3 Qf5 33. Rcc1 h5 34. Qc2 Ka8 35. Nd2 Qg6 36. h4 g4 1/2-1/2

[Event "Chessemy Open 2022"]
[Site "Reinstorf"]
[Date "2022.02.03"]
[Round "6.2"]
[White "Neves, Carlos Alberto Brasi"]
[Black "Ploder, Udo"]
[Result "0-1"]
[WhiteElo "1914"]
[BlackElo "1873"]
[Annotator "ChessBase"]
[PlyCount "66"]
[EventDate "2022.01.29"]
[EventType "swiss"]
[EventCountry "GER"]
[SourceTitle "playchess.com"]
[Source "ChessBase"]
[SourceQuality "1"]

1. d4 d5 2. c4 e5 3. dxe5 d4 4. Nf3 Nc6 5. a3 Nge7 6. b4 Ng6 7. Bb2 Be6 8. Nxd4 Ncxe5 9. Nxe6 Qxd1+ 10. Kxd1 fxe6 11. Nd2 Be7 12. h3 O-O 13. f3 a5 14. b5 Bf6 15. Kc2 Rfd8 16. e3 Nf7 17. Bxf6 gxf6 18. Ne4 f5 19. Nc5 Rab8 20. Nxe6 Rd6 21. Nd4 Rbd8 22. Be2 f4 23. Rad1 fxe3 24. Nf5 Rd2+ 25. Kc3 Rxe2 26. Rxd8+ Nxd8 27. Kd3 Nf4+ 28. Ke4 Nxg2 29. Rh2 Ne6 30. Rh1 Ng5+ 31. Kd3 Rd2+ 32. Kc3 Ra2 33. Nxe3 Nxe3 0-1

[Event "Chessemy Open 2022"]
[Site "Reinstorf"]
[Date "2022.02.03"]
[Round "6.3"]
[White "Zaragatski, Ilja"]
[Black "Gschnitzer, Adrian"]
[Result "1/2-1/2"]
[WhiteElo "2509"]
[BlackElo "2403"]
[Annotator "TA"]
[PlyCount "34"]
[EventDate "2022.01.29"]
[EventType "swiss"]
[EventCountry "GER"]
[SourceTitle "playchess.com"]
[Source "ChessBase"]
[SourceQuality "1"]

1. d4 Nf6 2. Nf3 d5 3. c4 e6 4. e3 c6 5. b3 Nbd7 6. Bd3 Bd6 7. O-O e5 8. Be2 e4 9. Nfd2 h5 10. Ba3 Bxh2+ 11. Kxh2 Ng4+ 12. Kh3 Nde5 13. dxe5 Nxe3+ 14. Kh2 Qh4+ 15. Kg1 Ng4 16. Bxg4 hxg4 17. f4 g3 1/2-1/2

[Event "Chessemy Open 2022"]
[Site "Reinstorf"]
[Date "2022.02.03"]
[Round "6.4"]
[White "Vypkhaniuk, Ihor"]
[Black "Lubbe, Nikolas"]
[Result "1/2-1/2"]
[WhiteElo "2426"]
[BlackElo "2433"]
[Annotator "TA"]
[PlyCount "82"]
[EventDate "2022.01.29"]
[EventType "swiss"]
[EventCountry "GER"]
[SourceTitle "playchess.com"]
[Source "ChessBase"]
[SourceQuality "1"]

1. d4 d5 2. c4 e6 3. g3 Nf6 4. Bg2 Be7 5. Nf3 O-O 6. O-O c6 7. b3 a5 8. Nc3 b6 9. Nd2 Ba6 10. Bb2 b5 11. c5 b4 12. Na4 Nbd7 13. Re1 Qc7 14. Qc2 Bb5 15. e4 dxe4 16. Nxe4 Bxa4 17. bxa4 Nxe4 18. Qxe4 Rac8 19. a3 Nf6 20. Qe2 Rfd8 21. axb4 axb4 22. a5 Ra8 23. a6 Nd5 24. Ra4 Rdb8 25. Bxd5 cxd5 26. Rea1 h6 27. Qd2 Qc8 28. a7 Rb7 29. Rxb4 Rbxa7 30. Rxa7 Rxa7 31. Qd3 Ra8 32. Qb3 Qa6 33. Rb5 g5 34. Kg2 Kg7 35. Rb8 Rxb8 36. Qxb8 Qe2 37. c6 Qe4+ 38. Kg1 Qe1+ 39. Kg2 Qe4+ 40. Kf1 Qb1+ 41. Kg2 Qe4+ 1/2-1/2

[Event "Chessemy Open 2022"]
[Site "Reinstorf"]
[Date "2022.02.03"]
[Round "6.4"]
[White "Paashaus, Detlef"]
[Black "Uhlenbrock, Sven"]
[Result "1-0"]
[WhiteElo "2096"]
[BlackElo "1629"]
[Annotator "TA"]
[PlyCount "49"]
[EventDate "2022.01.29"]
[EventType "swiss"]
[EventCountry "GER"]
[SourceTitle "playchess.com"]
[Source "ChessBase"]
[SourceQuality "1"]

1. e4 d6 2. d4 Nf6 3. Nc3 e5 4. Nge2 Be7 5. h3 h5 6. Be3 c6 7. a4 a5 8. Qd2 O-O 9. f3 Na6 10. g4 h4 11. O-O-O Be6 12. f4 exf4 13. Nxf4 d5 14. e5 Nh7 15. Bd3 Nc7 16. Bf5 Ng5 17. Qf2 g6 18. Bd3 Nh7 19. Rdf1 Kg7 20. Rhg1 Bg5 21. Qd2 c5 22. Nh5+ Kh8 23. Nf6 Bxe3 24. Qxe3 cxd4 25. Qh6 1-0

[Event "Chessemy Open 2022"]
[Site "Reinstorf"]
[Date "2022.02.03"]
[Round "6.5"]
[White "Ewert, Hannes"]
[Black "Tan, Justin"]
[Result "0-1"]
[WhiteElo "2274"]
[BlackElo "2526"]
[Annotator "TA"]
[PlyCount "114"]
[EventDate "2022.01.29"]
[EventType "swiss"]
[EventCountry "GER"]
[SourceTitle "playchess.com"]
[Source "ChessBase"]
[SourceQuality "1"]

1. d4 Nf6 2. Nf3 d5 3. c4 e6 4. g3 Be7 5. Bg2 O-O 6. O-O dxc4 7. Ne5 c5 8. dxc5 Qc7 9. Nxc4 Qxc5 10. b3 Rd8 11. Nbd2 Qc7 12. Bb2 Nc6 13. Rc1 Bd7 14. a3 Rac8 15. Rc2 Qb8 16. Qa1 Ne8 17. Rfc1 f6 18. b4 Bf8 19. Nb3 e5 20. Ne3 Be6 21. Nc5 Bxc5 22. Rxc5 Ne7 23. Rxc8 Rxc8 24. Rxc8 Qxc8 25. Qd1 Kf8 26. f4 exf4 27. gxf4 Qc7 28. Qd4 b6 29. Nf1 Nd6 30. e4 Nc4 31. Bc1 Bf7 32. Ng3 a5 33. bxa5 Nxa5 34. Be3 Nc4 35. Bc1 Nc6 36. Qf2 Qd6 37. Bf1 Qd1 38. Be3 b5 39. Bc5+ Kg8 40. Kg2 Be6 41. Qe2 Qc1 42. Qh5 g6 43. Qf3 Qd2+ 44. Kg1 Kf7 45. h4 Qc1 46. e5 N4xe5 47. Qe3 Qxe3+ 48. Bxe3 Nc4 49. Bc5 Ne7 50. h5 gxh5 51. Nxh5 Ng6 52. f5 Bxf5 53. a4 Bd7 54. Kf2 Nd2 55. Bxb5 Bxb5 56. Bb4 Ne4+ 57. Ke3 Bc6 0-1

[Event "Chessemy Open 2022"]
[Site "Reinstorf"]
[Date "2022.02.03"]
[Round "6.6"]
[White "Richter, Nils"]
[Black "Bracker, Frank"]
[Result "1/2-1/2"]
[WhiteElo "2270"]
[BlackElo "2371"]
[Annotator "TA"]
[PlyCount "159"]
[EventDate "2022.01.29"]
[EventType "swiss"]
[EventCountry "GER"]
[SourceTitle "playchess.com"]
[Source "ChessBase"]
[SourceQuality "1"]

1. d4 Nf6 2. c4 e6 3. g3 d5 4. Bg2 Bb4+ 5. Nd2 O-O 6. Ngf3 b6 7. O-O Bb7 8. a3 Be7 9. cxd5 exd5 10. b4 Nbd7 11. Bb2 Re8 12. Ne5 Bd6 13. Ndc4 Ne4 14. Nxd6 cxd6 15. Nxd7 Qxd7 16. a4 a6 17. Qd3 Bc6 18. Qa3 Nd2 19. Rfe1 Nc4 20. Qb3 Nxb2 21. Qxb2 Bxa4 22. Bxd5 Bc6 23. Bxc6 Qxc6 24. Rxa6 Rxa6 25. b5 Ra2 26. Qxa2 Qxb5 27. Rb1 Rxe2 28. Rxb5 Rxa2 29. Rxb6 Kf8 30. Rxd6 Ra4 31. Kg2 Ke7 32. Rd5 Ke6 33. Re5+ Kd6 34. Re4 g6 35. Kf3 h5 36. h4 Ra2 37. Re2 Ra4 38. Ke4 f5+ 39. Ke3 Ke6 40. Rb2 Kf6 41. Rb6+ Kf7 42. d5 Re4+ 43. Kf3 Rd4 44. d6 Kf6 45. Ke3 Rd1 46. d7+ Kg7 47. Rb7 Kf6 48. Rb6+ Kg7 49. Rb7 Kf6 50. f3 Rd5 51. Rb6+ Kf7 52. Rb7 Kf6 53. Ra7 Ke6 54. Kf4 Kf6 55. Ra6+ Kf7 56. Kg5 f4+ 57. Kxf4 Kg7 58. Ra7 Kf6 59. Ke4 Rd1 60. f4 Rd2 61. Ra6+ Kg7 62. Ra7 Kf6 63. Ra6+ Kg7 64. f5 gxf5+ 65. Kf4 Rxd7 66. Kg5 Rd3 67. Rg6+ Kh7 68. Kxh5 Rc3 69. Rg5 Rf3 70. Rg6 Rc3 71. g4 fxg4 72. Rxg4 Rc5+ 73. Rg5 Rxg5+ 74. hxg5 Kg7 75. g6 Kg8 76. Kg5 Kg7 77. Kf5 Kg8 78. Kf6 Kf8 79. g7+ Kg8 80. Kg6 1/2-1/2

[Event "Chessemy Open 2022"]
[Site "Reinstorf"]
[Date "2022.02.03"]
[Round "6.6"]
[White "Schoell, Tobias"]
[Black "Klein, Gernot"]
[Result "1/2-1/2"]
[WhiteElo "1635"]
[BlackElo "1862"]
[Annotator "NA"]
[PlyCount "115"]
[EventDate "2022.01.29"]
[EventType "swiss"]
[EventCountry "GER"]
[SourceTitle "playchess.com"]
[Source "ChessBase"]
[SourceQuality "1"]

1. Nf3 d5 2. c4 e6 3. b3 c5 4. g3 Nc6 5. e3 Nf6 6. Bb2 Be7 7. Bg2 O-O 8. O-O d4 9. exd4 cxd4 10. Re1 Ne8 11. a3 a5 12. Ne5 Nxe5 13. Rxe5 f6 14. Re1 e5 15. d3 Rb8 16. Nd2 b6 17. Qe2 Bc5 18. Ne4 Nd6 19. Qd2 Nxe4 20. Bxe4 Bb7 21. Bxb7 Rxb7 22. b4 Bd6 23. b5 f5 24. Qc2 f4 25. Re4 f3 26. a4 Qd7 27. Qd1 Rf6 28. h4 Rb8 29. Qf1 Re8 30. Kh2 Qf7 31. Bc1 h6 32. Qh3 Qf8 33. Qd7 Re7 34. Qh3 Rff7 35. Bd2 g6 36. Rae1 Rh7 37. Qg4 Qf5 38. h5 Qxg4 39. Rxg4 g5 40. Rge4 Kf7 41. g4 Ke8 42. Kg3 Rhf7 43. Ra1 Kd7 44. Rd1 Re6 45. Bc1 Bb4 46. Rf1 Kd6 47. Rd1 Kc5 48. Rf1 Bc3 49. Ba3+ Bb4 50. Bc1 Re8 51. Rd1 Kd6 52. Rf1 Rg8 53. Rd1 Ke6 54. Rf1 Rgf8 55. Rd1 Bd6 56. Rf1 Kd7 57. Rd1 Re8 58. Rf1 1/2-1/2

[Event "Chessemy Open 2022"]
[Site "Reinstorf"]
[Date "2022.02.03"]
[Round "6.7"]
[White "Baum, Jonasz"]
[Black "Hoffmann, Hendrik"]
[Result "1-0"]
[WhiteElo "2287"]
[BlackElo "2245"]
[Annotator "TA"]
[PlyCount "95"]
[EventDate "2022.01.29"]
[EventType "swiss"]
[EventCountry "GER"]
[SourceTitle "playchess.com"]
[Source "ChessBase"]
[SourceQuality "1"]

1. d4 Nf6 2. c4 g6 3. f3 c5 4. d5 b5 5. e4 d6 6. cxb5 Bg7 7. Nc3 O-O 8. a4 a6 9. Ra3 e6 10. Bc4 axb5 11. Bxb5 exd5 12. exd5 Na6 13. Nge2 Nb4 14. O-O Bd7 15. Bc4 Re8 16. b3 Qb6 17. Qd2 Bf5 18. Ng3 Bd3 19. Rd1 Nd7 20. Bb5 Bxb5 21. Nxb5 c4+ 22. Qf2 Qxf2+ 23. Kxf2 Nd3+ 24. Kf1 Nxc1 25. Rxc1 Bb2 26. Rxc4 Bxa3 27. Nxa3 Re5 28. Ne4 Rxd5 29. Nb5 Rd1+ 30. Ke2 d5 31. Rc7 Rg1 32. Nec3 Nf6 33. Kf2 Rh1 34. b4 Rc1 35. Nxd5 Nxd5 36. Rxc1 Rxa4 37. Rc5 Nxb4 38. Rc8+ Kg7 39. Nd6 Ra7 40. g4 Rd7 41. Ne8+ Kh6 42. Nf6 Rd2+ 43. Kg3 Rc2 44. Rg8 Rc6 45. h4 Rxf6 46. g5+ Kh5 47. gxf6 Nd5 48. Rg7 1-0

[Event "Chessemy Open 2022"]
[Site "Reinstorf"]
[Date "2022.02.03"]
[Round "6.7"]
[White "Zoellner, Bente"]
[Black "Muedder, Melanie"]
[Result "0-1"]
[WhiteElo "1562"]
[BlackElo "1788"]
[Annotator "NA"]
[PlyCount "72"]
[EventDate "2022.01.29"]
[EventType "swiss"]
[EventCountry "GER"]
[SourceTitle "playchess.com"]
[Source "ChessBase"]
[SourceQuality "1"]

1. d4 Nf6 2. Nf3 g6 3. c4 Bg7 4. Nc3 d5 5. Qb3 dxc4 6. Qxc4 O-O 7. Bf4 Na6 8. e4 c5 9. d5 b6 10. Qa4 Nh5 11. Be3 Nc7 12. Be2 Bd7 13. Qd1 Qe8 14. h3 Kh8 15. e5 f5 16. e6 Bb5 17. Ng5 Bxe2 18. Qxe2 f4 19. Bd2 Rf5 20. Nf7+ Kg8 21. Qf3 Nf6 22. Bxf4 Nfxd5 23. Nxd5 Nxd5 24. O-O-O Qb5 25. Rd2 Qc4+ 26. Kb1 Qxf4 27. Qe2 Qb4 28. Kc1 Rf8 29. Rhd1 Nf4 30. Qe3 Qc4+ 31. Rc2 Qxe6 32. Nd8 Qxe3+ 33. fxe3 Rd5 34. exf4 Rfxd8 35. Re1 e5 36. fxe5 Bh6+ 0-1

[Event "Chessemy Open 2022"]
[Site "Reinstorf"]
[Date "2022.02.03"]
[Round "6.8"]
[White "Sreyas Payyappat"]
[Black "Pubantz, Jan"]
[Result "0-1"]
[WhiteElo "2250"]
[BlackElo "2286"]
[Annotator "TA"]
[PlyCount "92"]
[EventDate "2022.01.29"]
[EventType "swiss"]
[EventCountry "GER"]
[SourceTitle "playchess.com"]
[Source "ChessBase"]
[SourceQuality "1"]

1. Nf3 d5 2. e3 Nf6 3. c4 c6 4. Nc3 e6 5. Be2 Bd6 6. d4 Nbd7 7. O-O O-O 8. Qc2 dxc4 9. Bxc4 e5 10. Ne2 e4 11. Nd2 Bxh2+ 12. Kxh2 Ng4+ 13. Kg3 Ndf6 14. Rh1 Bf5 15. Qc3 Qd6+ 16. Nf4 g5 17. f3 exf3 18. gxf3 gxf4+ 19. exf4 Kh8 20. fxg4 Rg8 21. d5 Rxg4+ 22. Kf2 Rxf4+ 23. Nf3 Rxf3+ 24. Kxf3 Be4+ 25. Kf2 Bxh1 26. Qd4 Qh2+ 27. Ke1 Re8+ 28. Be3 Qe5 29. Kd2 Bxd5 30. Qxe5 Rxe5 31. Bd4 Re6 32. Bd3 c5 33. Bc3 Kg8 34. Bf5 Rc6 35. Rd1 Kf8 36. Ke3 Bxa2 37. Rd8+ Ke7 38. Rb8 Nd5+ 39. Kf3 Nxc3 40. bxc3 Bd5+ 41. Kf4 Rh6 42. Ke5 Bc6 43. Rc8 f6+ 44. Kf4 Rh4+ 45. Ke3 Kd6 46. Rh8 h6 0-1

[Event "Chessemy Open 2022"]
[Site "Reinstorf"]
[Date "2022.02.03"]
[Round "6.8"]
[White "Jessen, Bjarne"]
[Black "Kewe, Stefan"]
[Result "1-0"]
[WhiteElo "1547"]
[BlackElo "1814"]
[Annotator "NA"]
[PlyCount "61"]
[EventDate "2022.01.29"]
[EventType "swiss"]
[EventCountry "GER"]
[SourceTitle "playchess.com"]
[Source "ChessBase"]
[SourceQuality "1"]

1. e4 e6 2. d4 d5 3. Nd2 Nf6 4. e5 Nfd7 5. Bd3 c5 6. c3 Nc6 7. Ngf3 Be7 8. O-O Qb6 9. dxc5 Bxc5 10. Nb3 Be7 11. Re1 Qc7 12. Qe2 f6 13. exf6 Nxf6 14. Nbd4 O-O 15. Nxe6 Bxe6 16. Qxe6+ Kh8 17. Qh3 Nd8 18. Ne5 Kg8 19. Bg5 g6 20. Bh6 Re8 21. Bb5 Bd6 22. Bxe8 Bxe5 23. Ba4 Nf7 24. Be3 Rb8 25. Bb3 b5 26. Rad1 Rd8 27. f3 b4 28. Bd4 bxc3 29. Bxe5 Nxe5 30. Qe6+ Kg7 31. Qxe5 1-0

[Event "Chessemy Open 2022"]
[Site "Reinstorf"]
[Date "2022.02.03"]
[Round "6.9"]
[White "Schulze, Lara"]
[Black "Eilenberg, Jonas"]
[Result "1-0"]
[WhiteElo "2282"]
[BlackElo "2135"]
[Annotator "TA"]
[PlyCount "57"]
[EventDate "2022.01.29"]
[EventType "swiss"]
[EventCountry "GER"]
[SourceTitle "playchess.com"]
[Source "ChessBase"]
[SourceQuality "1"]

1. e4 e6 2. d4 d5 3. Nd2 Be7 4. Ngf3 Nf6 5. Bd3 c5 6. e5 Nfd7 7. c3 Nc6 8. O-O g5 9. Qe2 Qc7 10. Qe3 h6 11. Ne1 f5 12. exf6 Nxf6 13. Bg6+ Kd8 14. Ndf3 Bd6 15. dxc5 Bf4 16. Qe2 e5 17. c4 e4 18. Bxf4 Qxf4 19. cxd5 Ne7 20. g3 exf3 21. Qxe7+ Kxe7 22. d6+ Kd8 23. gxf4 Rg8 24. f5 b6 25. c6 Ba6 26. Nxf3 Bxf1 27. Kxf1 Rg7 28. Nd4 Kc8 29. Re1 1-0

[Event "Chessemy Open 2022"]
[Site "Reinstorf"]
[Date "2022.02.03"]
[Round "6.9"]
[White "Reichmann, Felix"]
[Black "Hassinger, Jan Lucian"]
[Result "1-0"]
[WhiteElo "1807"]
[BlackElo "1522"]
[Annotator "NA"]
[PlyCount "81"]
[EventDate "2022.01.29"]
[EventType "swiss"]
[EventCountry "GER"]
[SourceTitle "playchess.com"]
[Source "ChessBase"]
[SourceQuality "1"]

1. c4 e5 2. g3 c6 3. Nf3 e4 4. Nd4 d5 5. Bg2 Nf6 6. Nc3 Bb4 7. O-O O-O 8. Nc2 a5 9. cxd5 Bxc3 10. dxc3 Qxd5 11. Qxd5 cxd5 12. Rd1 Nc6 13. Bg5 Be6 14. f3 exf3 15. exf3 Nd7 16. Be3 h6 17. Nd4 Nde5 18. b3 Rac8 19. h3 Nxd4 20. Bxd4 Nc6 21. Bb6 Rfe8 22. f4 Bf5 23. Rxd5 Be4 24. Bxe4 Rxe4 25. Rd7 Ne7 26. Bxa5 Re3 27. Kf2 Re6 28. Rxb7 Nd5 29. c4 Nf6 30. a4 Rce8 31. Re1 Ne4+ 32. Kg2 Nc5 33. Rxe6 Rxe6 34. Rb8+ Kh7 35. Rb5 Nd3 36. Rd5 Nc1 37. b4 Re4 38. c5 Na2 39. c6 Nxb4 40. Bxb4 Rxb4 41. Rc5 1-0

[Event "Chessemy Open 2022"]
[Site "Reinstorf"]
[Date "2022.02.03"]
[Round "6.10"]
[White "Skytte, Rasmus"]
[Black "Ramme, Christoph"]
[Result "1/2-1/2"]
[WhiteElo "2377"]
[BlackElo "2140"]
[Annotator "TA"]
[PlyCount "98"]
[EventDate "2022.01.29"]
[EventType "swiss"]
[EventCountry "GER"]
[SourceTitle "playchess.com"]
[Source "ChessBase"]
[SourceQuality "1"]

1. e4 e5 2. Bc4 Nf6 3. d3 c6 4. Nf3 d5 5. Bb3 Nbd7 6. O-O Bd6 7. exd5 Nxd5 8. Nbd2 O-O 9. Ne4 Be7 10. Re1 Re8 11. Ng3 Bf8 12. Bd2 f6 13. d4 exd4 14. Bxd5+ cxd5 15. Nxd4 Nc5 16. Rxe8 Qxe8 17. Bb4 Qe5 18. c3 Bd7 19. Nf3 Qe6 20. Ne2 Qf7 21. Qd4 b6 22. Rd1 Re8 23. Ng3 Be6 24. Nf1 Qd7 25. Ne3 Rd8 26. Ba3 Be7 27. h3 Qb7 28. Nh4 Qc8 29. Re1 Bf8 30. Nc2 Bf7 31. Qd1 Re8 32. Rxe8 Qxe8 33. Ne3 Qe4 34. Nhf5 g6 35. Ng3 Qd3 36. Ne2 Kg7 37. Qxd3 Nxd3 38. Bxf8+ Kxf8 39. b3 Ke7 40. Nd4 a6 41. Kf1 Nc5 42. f3 Kd6 43. Ke2 Nd7 44. Nec2 g5 45. Nb4 Nc5 46. Nf5+ Ke6 47. Ne3 Kd6 48. Nf5+ Ke6 49. Ne3 Kd6 1/2-1/2